| 000 | 00677nam a2200193Ia 4500 | ||
|---|---|---|---|
| 003 | GCL | ||
| 008 | 140319s9999 xx 000 0 ara d | ||
| 040 |
_aGCL / _cGCL |
||
| 082 | 0 | 4 |
_a819 _bام |
| 100 | 1 | _aالخطيب , السيد عبدالزهراء الحس | |
| 245 | 1 | 0 |
_aمصادر نهج البلاغة واسانيدة / _cالخطيب , السيد عبدالزهراء الحس |
| 250 | _aالثالثة | ||
| 260 |
_aبيروت : _bدار الاضواء ، _c1985 |
||
| 300 |
_aمتعدد ؛ _c24 سم |
||
| 490 |
_aشكاوى المصرى الفصيح _v0 |
||
| 650 | 0 | 4 | _aالادب العربى |
| 650 | 0 | 4 | _aالبلاغة العربية |
| 942 |
_2ddc _cREF |
||
| 999 |
_c59259 _d59259 |
||